| 000 | 01115nam0a2200313 i 4500 | ||
|---|---|---|---|
| 001 | RU\NLR\BIBL_A\011436819 | ||
| 005 | 20260409080505.0 | ||
| 010 | _a97859500056 | ||
| 021 |
_aRU _b2017-45196 _93266 |
||
| 035 | _a(RuMoRGB)008916918 | ||
| 035 | _a(NLR Aleph) 011436819 | ||
| 090 |
_a11679481 _c11679481 |
||
| 100 | _a20170710d2017 um y0rusy50 ca | ||
| 101 | 0 | _arus | |
| 102 | _aRU | ||
| 105 | _aa|||w|||000zy | ||
| 200 | 1 |
_aПридверник _eбиблейская хронология мироздания _eисследование Александра Килина |
|
| 210 |
_aМосква _cВаш формат _d2017 |
||
| 215 |
_a42 с. _cил. _d30х44 |
||
| 500 |
_aБиблия _8rus _7ca _3RU\NLR\AUTH\553047 _92631014 |
||
| 605 |
_aБиблия _xИсследование текста _xОригинальные теории _92319091 _3RU\NLR\AUTH\661387492 |
||
| 686 |
_aЭ37,5 _2rubbk |
||
| 686 | 2 | _aЭ37-200.2 | |
| 700 | 1 |
_aКилин _bА. _gАлександр |
|
| 942 | _cBOOK | ||
| 980 | _aNBR | ||